Honduras: la caída del general /
Sparad:
| Huvudupphovsman: | |
|---|---|
| Materialtyp: | Text |
| Språk: | Spanish |
| Ämnen: | |
| Taggar: |
Lägg till en tagg
Inga taggar, Lägg till första taggen!
|
MARC
| LEADER | 00000 a a2200000 04500 | ||
|---|---|---|---|
| 001 | 44518 | ||
| 003 | cru CIDCACS/IIS | ||
| 005 | 20200108095305.0 | ||
| 008 | 200107b ||||| |||| 00| 0 spa d | ||
| 999 | |c 42790 |d 42790 | ||
| 040 | |c cru CIDCACS/IIS | ||
| 100 | 1 | |9 8884 |a Meza, Vìctor | |
| 245 | 1 | |a Honduras: |b la caída del general / |c Vìctor Meza | |
| 300 | |a páginas 901-903 | ||
| 650 | 0 | |a HISTORIA POLITICA |9 3694 | |
| 650 | 4 | |a MILITARISMO |9 1934 | |
| 650 | 0 | |a VIOLENCIA |9 133 | |
| 650 | 0 | |a POLITICA |9 3691 | |
| 942 | |2 ddc |c PP | ||
| 773 | 0 | |0 42391 |9 4221 |a Agencia Latinoamericana de Información, ALAI |d Quito, Ecuador: ALAI |o 04307 |t ALAI: |x 08275564 (Servicio mensual de información y documentación) | |
